000 00852nam a2200241 a 4500
001 1102
003 BR-CuiBMT
005 20231128191947.0
008 231128s2017 prba 000 0 por d
020 _a9788561481582
040 _aBR-CuiBMT
_cBR-CuiBMT
080 _22007
_a351.712.2.02
090 _a351.712.2.02
_bS729c
100 1 _aSouza, Kleberson
_qSouza, Kleberson Roberto de
245 _aComo gerenciar riscos na administração pública :
_bestudo prático em licitações /
_cKleberson Souza, Franklin Brasil ; prefácio, Francisco Eduardo de Holanda Bessa.
260 _aCuritiba :
_bNegócios públicos do Brasil,
_c2017.
300 _a154 p.:
_bil.
_c30 cm
504 _aInclui bibliografia.
650 _aLicitações
650 _aAdministração pública
700 _aBrasil, Franklin
_qSantos, Franklin Brasil
942 _2udc
_cLV
999 _c1102
_d1102